Inductive Acquisition of Expert Knowledge

Enregistré dans:
Détails bibliographiques
Auteur principal: Muggleton, Stephen
Format: Livre
Langue:anglais
Publié: Wokingham Addison-Wesley Publ. Co. 1990
Édition:1. ed.
Tags: Ajouter un tag
Pas de tags, Soyez le premier à ajouter un tag!

MARC

LEADER 00000nam a2200000 4500
001 c023839
005 20221215113929.4
041 0 |a eng 
044 |a US 
245 1 0 |a Inductive Acquisition of Expert Knowledge  |c Stephen Muggleton 
250 |a 1. ed. 
264 1 |a Wokingham  |b Addison-Wesley Publ. Co.  |c 1990 
300 |a 220 s. 
100 1 |a Muggleton, Stephen